000 00222nam a22001097a 4500
041 _aeng
080 _a80
100 _aNolasco, Rob
245 _aWindow on the World. W/B. 2.
650 _aEnglish Practice
999 _c280438
_d280438
942 _cBK